An introduction to partial differential equations
Saved in:
| Main Author: | |
|---|---|
| Other Authors: | |
| Format: | Book |
| Language: | English |
| Published: |
New York ; Berlin :
Springer,
c1993
|
| Series: | Texts in applied mathematics ;
; 13 |
| Subjects: | |
| Tags: |
Add Tag
No Tags, Be the first to tag this record!
|
MARC
| LEADER | 00000nam a2200000 i 4500 | ||
|---|---|---|---|
| 001 | 1/73918 | ||
| 008 | 990323s1993 eng d | ||
| 020 | |a 0-387-97952-2 | ||
| 035 | |l 10048929 | ||
| 040 | |a GR-MY-UA |b gre |e aacr | ||
| 041 | 0 | |a eng | |
| 082 | 0 | |a 515.353 | |
| 100 | 1 | |a Renardy, Michael. | |
| 245 | 1 | 3 | |a An introduction to partial differential equations / |c Michael Renardy, Robert C. Rogers |
| 260 | |a New York ; Berlin : |b Springer, |c c1993 | ||
| 300 | |a xiii, 428 p.; |b ill.; |c 25 cm. | ||
| 490 | 1 | |a Texts in applied mathematics |v ; 13 | |
| 500 | |a Includes bibliographical references and index | ||
| 650 | 0 | 0 | |a Differential equations, Partial. |
| 700 | 1 | |a Rogers, Robert C. | |
| 830 | 0 | |a Texts in applied mathematics ; |v ; 13 | |
| 852 | |a INST |b SAMOS |e 19990323 |h 515.353 REN |p 005300014901 |q 005300014901 |t BK |y 0 | ||
| 901 | |a BIBL-1999-1 | ||
| 909 | |a Σ |b 064485 | ||
| 922 | |a 3ΕΛΗ |b 199903 |c ΚΠΣ |d GLORY | ||